00370cam a22001337a 4500008004000000082001600040100001700056245006200073260004300135300001000178440001000188500001300198650002500211180718b1958 xxu||||| |||| 00| 0 eng d aB11x54 G654 aGordon, D.H. aPre-historic background of Indian culturecby D.H. Gordon aBombaybBhulebhal Memorial Inst.c1958 a199p. abibl. aRs.20.00 aCivilization - India